ბათუმის შოთა რუსთაველის სახელმწიფო უნივერსიტეტის ბიბლიოთეკა

Em neu. Abschlusskurs : (ბიბ.ჩანაწერი № 41199)

000 -LEADER
fixed length control field 00632nam a2200217Ia 4500
001 - CONTROL NUMBER
control field 7851
003 - CONTROL NUMBER IDENTIFIER
control field GE_BSU
005 - DATE AND TIME OF LATEST TRANSACTION
control field 20221116110421.0
008 - FIXED-LENGTH DATA ELEMENTS--GENERAL INFORMATION
fixed length control field 181216s2008ge xx |||||||||||||| ||ger||
020 ## - INTERNATIONAL STANDARD BOOK NUMBER
International Standard Book Number 9783195516976 x
040 ## - CATALOGING SOURCE
Transcribing agency GE_BSU
041 ## - LANGUAGE CODE
Language code of text/sound track or separate title ger
080 ## - UNIVERSAL DECIMAL CLASSIFICATION NUMBER
Universal Decimal Classification number 811.11(075.8) P-43
100 ## - MAIN ENTRY--PERSONAL NAME
Personal name Permann-Balme, Michaela
9 (RLIN) 14836
245 ## - TITLE STATEMENT
Title Em neu. Abschlusskurs :
Remainder of title Deutsch als Fremdsprache- Niveaustufe C1 /
Statement of responsibility, etc. Balme- Permann Michaela
264 ## - PRODUCTION, PUBLICATION, DISTRIBUTION, MANUFACTURE, AND COPYRIGHT NOTICE
Place of production, publication, distribution, manufacture Hueber-Verlag,
Date of production, publication, distribution, manufacture, or copyright notice 2008.
300 ## - PHYSICAL DESCRIPTION
Extent 120 p.:
Other physical details Ill;
Dimensions 28 cm.
653 ## - INDEX TERM--UNCONTROLLED
keyword Em neu. Abschlusskurs
653 ## - INDEX TERM--UNCONTROLLED
keyword გერმანული ენა
942 ## - ADDED ENTRY ELEMENTS (KOHA)
Koha item type წიგნი
Source of classification or shelving scheme
ეგზემპლარები
Withdrawn status Lost status Source of classification or shelving scheme Damaged status Not for loan Permanent Location Current Location Shelving location Date acquired Cost, normal purchase price Full call number Barcode Date last seen Copy number Price effective from Koha item type Public note
          ბათუმის შოთა რუსთაველის სახელმწიფო უნივერსიტეტის მთავარი ბიბლიოთეკა ბათუმის შოთა რუსთაველის სახელმწიფო უნივერსიტეტის მთავარი ბიბლიოთეკა წიგნსაცავი 2018-12-17 80.00 811.11(075.8) P-43 24195 2018-12-17 24195 2018-12-17 წიგნი 80gel.
          ბათუმის შოთა რუსთაველის სახელმწიფო უნივერსიტეტის მთავარი ბიბლიოთეკა ბათუმის შოთა რუსთაველის სახელმწიფო უნივერსიტეტის მთავარი ბიბლიოთეკა წიგნსაცავი 2018-12-17 80.00 811.11(075.8) P-43 24196 2018-12-17 24196 2018-12-17 წიგნი 80gel.